000 00521nam a2200181 i 4500
001 21879
003 ES-MaACL
005 20250821074831.0
007 t|
008 021128s1972 sp |||| | spa d
100 1 _aAlemán, Salvador.
_919717
245 1 4 _aLas misas en casa
_b: celebridades domésticas de la Eucarístia /
_cSalvador Alemán.
260 _aMadrid :
_bAlameda,
_c[1972]
300 _a143 p. ;
_c22 cm.
650 0 7 _aEucaristía
_2embne
_912604
852 _aES-MaACL
_jC-51325
999 _c21879
_d21879